00346nam a2200133Ia 4500008004100000041001200041082001600053100001500069245004700084260004100131300000800172650001500180700001700195221030s9999 xx 000 0 und d aEnglish a105.23bJon aI. C. Jong 0aEngineering Mechanics : Statics & Dynamics bSaunders College Pub.,aLondonc1991 a934 aMechanical aB. G. Rogers